The United states since 1865 / (Record no. 1993)

MARC details
000 -LEADER
fixed length control field 00636nam a22002177a 4500
003 - CONTROL NUMBER IDENTIFIER
control field BD-DhJNU
005 - DATE AND TIME OF LATEST TRANSACTION
control field 20250813030914.0
008 - FIXED-LENGTH DATA ELEMENTS--GENERAL INFORMATION
fixed length control field 250813b |||||||| |||| 00| 0 eng d
020 ## - INTERNATIONAL STANDARD BOOK NUMBER
International Standard Book Number 8122900216
020 ## - INTERNATIONAL STANDARD BOOK NUMBER
International Standard Book Number 8122900224
040 ## - CATALOGING SOURCE
Original cataloging agency BD-DhJNU
Language of cataloging ENG
Transcribing agency BD-DhJNU
Modifying agency BD-DhJNU
082 ## - DEWEY DECIMAL CLASSIFICATION NUMBER
Edition number 23
Classification number 973 DUU
100 ## - MAIN ENTRY--PERSONAL NAME
Personal name Dulles, Foster Rhea
245 ## - TITLE STATEMENT
Title The United states since 1865 /
Statement of responsibility, etc. Foster Rhea Dulles
260 ## - PUBLICATION, DISTRIBUTION, ETC.
Place of publication, distribution, etc. New Delhi :
Name of publisher, distributor, etc. Surjeet Publications,
Date of publication, distribution, etc. 1989.
300 ## - PHYSICAL DESCRIPTION
Extent ix, 570p. :
Other physical details ill. ;
Dimensions 22 cm.
504 ## - BIBLIOGRAPHY, ETC. NOTE
Bibliography, etc. note Includes index
650 ## - SUBJECT ADDED ENTRY--TOPICAL TERM
Topical term or geographic name entry element United States American
General subdivision History
650 ## - SUBJECT ADDED ENTRY--TOPICAL TERM
Topical term or geographic name entry element The united states
942 ## - ADDED ENTRY ELEMENTS (KOHA)
Source of classification or shelving scheme Dewey Decimal Classification
Koha item type Books
Suppress in OPAC No
Holdings
Withdrawn status Lost status Source of classification or shelving scheme Damaged status Not for loan Collection Home library Current library Shelving location Date acquired Source of acquisition Total checkouts Full call number Barcode Date last seen Copy number Price effective from Koha item type
    Dewey Decimal Classification     Non-fiction Jagannath University Central Library Jagannath University Central Library General stacks 08/13/2025 Purchased   973 DUU JNUCL22217 08/13/2025 1 08/13/2025 Books